| 000 | 00538nam a2200133Ia 4500 | ||
|---|---|---|---|
| 008 | 220620s9999||||xx |||||||||||||| ||und|| | ||
| 022 | _a16648714 | ||
| 100 | _aJun Wu | ||
| 245 | 0 | _aMolecular Regulation and Therapeutic Potential of Thermogenic Fat Cells | |
| 546 | _aEnglish[eng] | ||
| 650 | _aObesity||Brown Fat||Energy Metabolism||adaptive thermogenesis||beige fat||metabolic disease | ||
| 856 | _uhttp://journal.frontiersin.org/researchtopic/3641/molecular-regulation-and-therapeutic-potential-of-thermogenic-fat-cells | ||
| 942 | _cEB | ||
| 999 |
_c28648 _d28648 |
||